Online Catalogue and eLibrary

Thinking Through Cultures: (Record no. 1043)

MARC details
000 -LEADER
fixed length control field 00522nam a2200193Ia 4500
005 - DATE AND TIME OF LATEST TRANSACTION
control field 20250312070723.0
008 - FIXED-LENGTH DATA ELEMENTS--GENERAL INFORMATION
fixed length control field 240331s9999 xx 000 0 und d
020 ## - INTERNATIONAL STANDARD BOOK NUMBER
ISBN 0674884167
082 ## - DDC Classification
Class No. 301
Item Number - Author Mark THI
DDC Edition Number 1000
100 ## - MAIN ENTRY--PERSONAL NAME
Personal name Shweder, R. A
245 #0 - TITLE STATEMENT
Title Thinking Through Cultures:
Remainder of title Expeditions in Cultural Psychology
260 ## - PUBLICATION, DISTRIBUTION, ETC.
Place of publication, distribution, etc. Massachusetts;
-- London,
Name of publisher, distributor, etc. Harvard University Press
Date of publication, distribution, etc. 1991
300 ## - PHYSICAL DESCRIPTION
Extent (e.g. Volumes, Pages etc.) ix, 404 p.,
650 ## - SUBJECT ADDED ENTRY--TOPICAL TERM
Topical term or geographic name entry element Culture
650 ## - SUBJECT ADDED ENTRY--TOPICAL TERM
Topical term or geographic name entry element Society
650 ## - SUBJECT ADDED ENTRY--TOPICAL TERM
Topical term or geographic name entry element Morality
650 ## - SUBJECT ADDED ENTRY--TOPICAL TERM
Topical term or geographic name entry element Anthropology
942 ## - Koha item type (Biblio)
Koha item type Books in Stacks (Lending)
Holdings
Lost status Damaged status Collection code Home library Current library Shelving location Date acquired Full call number Accession Number Item type
    Lending WERC Library WERC Library Social Science Cupboard 03/31/2024 301 THI 1000 Books in Stacks (Lending)

© WERC Library